| 000 | 00942nam a22002537a 4500 | ||
|---|---|---|---|
| 999 |
_c14539 _d14539 |
||
| 003 | AR-CdUCM | ||
| 008 | 190423b ||||| |||| 00| 0 spa d | ||
| 020 | _a978-9974-738-73-7 | ||
| 040 |
_aMUNICIPALIDAD PROVINCIAL DEL CUSCO _cBIBLIOTECA MUNICIPAL DEL CUSCO |
||
| 041 | _hspa | ||
| 082 |
_aES / 803 / _bB82 |
||
| 100 |
_aBrezenoff, Steve _933219 |
||
| 245 | _aLa isla perdida / | ||
| 260 |
_aMontevideo : _bLatinbooks, _c2016. |
||
| 300 |
_a86 páginas ; _bIlustraciones, _c20 cm. |
||
| 500 | _aAntes del Titulo: Bienvenidos a Ravens Pass, donde Habita el misterio. | ||
| 505 | _aContenido: El rio -- En la orilla -- Un árbol -- Putrefacción -- Dentro del bosque -- Un largo tiempo -- Perdidos ... | ||
| 650 |
_aCuentos de Terror _933221 |
||
| 650 |
_aNarración juvenil _933220 |
||
| 700 |
_aPinelli, Amerigo (ilustración) _933223 |
||
| 710 |
_aLatinbooks (traductor) _933224 |
||
| 942 |
_2ddc _cLIBROS |
||
| 945 |
_acmm _d2019-04-23 |
||